さいたま市内の役所の最寄り駅 - Statistics

General Stats
  • This quiz has been taken 90 times
  • The average score is 11 of 13
Answer Stats
役所 最寄り駅 % Correct
大宮区役所 大宮
99%
埼玉県庁 浦和
97%
さいたま市役所・浦和区役所 浦和
97%
岩槻区役所 岩槻
92%
南区役所 武蔵浦和
91%
さいたま市役所・浦和区役所 北浦和
90%
さいたま市役所・浦和区役所 中浦和
86%
桜区役所 中浦和
86%
中央区役所 与野本町
84%
緑区役所 東浦和
79%
西区役所 西大宮
70%
北区役所 加茂宮
40%
見沼区役所 大和田
40%
No matching quizzes found
Score Distribution
Percent of People with Each Score
Percentile by Number Answered
Your Score History
You have not taken this quiz